[Event "Olympiad-35"]
[Site "Bled"]
[Date "2002.11.10"]
[Round "14.2"]
[White "Delchev, Aleksander"]
[Black "Atalik, Suat"]
[Result "1/2-1/2"]
[WhiteElo "2560"]
[BlackElo "2575"]
[Annotator "Atalik,S"]
[PlyCount "87"]
[EventDate "2002.10.26"]
[EventType "team-swiss"]
[EventRounds "14"]
[EventCountry "SLO"]
[SourceTitle "CBM 092"]
[Source "ChessBase"]
[SourceDate "2003.02.06"]
[SourceVersion "1"]
[SourceVersionDate "2003.02.06"]
[SourceQuality "1"]
[WhiteTeam "Bulgaria"]
[BlackTeam "Bosnia&Herzegovina"]
[WhiteTeamCountry "BUL"]
[BlackTeamCountry "BIH"]

1. c4 e6 2. Nf3 (2. Nc3 {It seems like} b6 $5 {from my previous round game
does not fit into GM Delchev's taste.}) 2... d5 3. d4 Nf6 4. g3 {Catalan is
one of GM Delchev's weapons.} dxc4 5. Bg2 Nc6 $5 6. Qa4 {The most challenging
line.} Bb4+ 7. Bd2 Nd5 8. Bxb4 Ndxb4 9. O-O {After some think GM Delchev
decided for this safer line.} Rb8 {An important move.} 10. Na3 (10. Nc3 a6 11.
Ne5 O-O (11... Qxd4 12. Nxc6 Nxc6 13. Bxc6+ bxc6 14. Qxc6+ Qd7 15. Qxc4 Bb7 $11
) 12. Nxc6 Nxc6 13. Bxc6 bxc6 14. Qxc4 Qd6 15. e3 (15. Ne4 Qd5 16. Qc2 e5 17.
dxe5 Qxe5 $13) 15... Rxb2 16. Rab1 Rxb1 17. Rxb1 e5 18. dxe5 Qxe5 19. Qxc6 Bh3
20. Rb7 Qf5 21. Rxc7 $140 $2 Rd8 $19) 10... a6 {After this white has the more
pleasant ending but still.} (10... O-O 11. Qb5 b6 12. Qxc4 Ba6 13. Nb5 Qd5 14.
Qxd5 Nxd5 (14... exd5 15. Nc3 (15. a4 Na5) 15... Rfe8 16. Rfd1 $1 Bxe2 17. Nxe2
Rxe2 18. a3 Nc2 19. Rac1 $1 $18) 15. a4 $14) (10... Bd7 11. Qb5) 11. Ne5 O-O (
11... Qxd4 12. Nxc6 Nxc6 13. Bxc6+ bxc6 14. Qxc6+ Qd7 15. Qxc4 O-O $14 (15...
Rxb2 $2 16. Qc3)) 12. Nxc6 Nxc6 13. Qxc4 Qxd4 14. Bxc6 Qxc4 15. Nxc4 bxc6 $14 {
After all of these forced moves black is a pawn up but white has the better
game due to compact pawn structure.} 16. b3 Rb5 $1 {Accompanied by a draw
offer.The rook controls critical squares.} 17. Rfc1 $1 {This sort of prevents
a5-a4.} (17. Rfd1 a5 18. Rac1 a4 19. bxa4 Rb4 20. a5 Ra4 21. Rd2 f6 $1 22. Ne3
Rxa5 23. Rxc6 Ra7 $11) 17... Rd8 {So black has to grab d line.} (17... a5 18.
Rc3 a4 19. bxa4 Rb4 20. a5 Ba6 21. Ne5 $14) 18. Rc2 e5 19. f3 (19. a4 $6 Rbd5
$5 (19... Rxb3 $6 20. Nxe5 f6 21. Nxc6 Rd7 22. e3 Bb7 23. Nd4 Rb4 24. Rc5 $14)
20. f3 (20. e4 Rd1+ (20... Rd3 21. Nxe5 Rxb3 22. Nxc6 Re8 23. Re1 Rd3 $13) 21.
Rxd1 Rxd1+ 22. Kg2 Be6 23. Nxe5 Bxb3 24. Rxc6 f6 $15) 20... Be6) 19... f6 {
Now black's bishop has some scope as well.} 20. Rac1 Kf7 21. Kf2 Bb7 $1 {
This is strangely an ok place for black's bishop.} 22. Rc3 (22. Nb2 Ke7 23. Nd3
$14) 22... Ba8 (22... Ke7 23. a3 c5 24. e4 $14) 23. e4 {White has seemingly
built up a strong position so black has to react.} (23. a3 Rdb8 24. Nd2 (24. b4
c5) 24... Ke7) 23... a5 $132 24. a4 $1 {Good fighting spirit.} (24. Ke3 a4 25.
bxa4 Rb4 26. a5 Ra4 (26... Rd4 27. a3 Ra4 28. Nd2) 27. Ra3 Rxa3+ 28. Nxa3 Bb7
$11) 24... Rc5 25. Ke3 Bb7 26. Nb2 Rxc3+ 27. Rxc3 Rb8 $1 28. Kd2 {White is
bringing his king towards queenside to protect the weak pawn on b3.} (28. Nc4
Ra8 29. f4 Ke6 $5 (29... exf4+ 30. gxf4 Bc8 31. f5 g6 32. Kf4 Bd7 $14 (32...
Ke7 33. Rh3 h5 $14))) 28... Bc8 {Looks like the best.} (28... Ba6 29. Rxc6 (29.
Kc2 Be2) 29... Rxb3 30. Kc2 Rb6 31. Rxc7+ Kg6 32. Nc4 Bxc4 33. Rxc4 f5 34.
exf5+ Kxf5 35. Rc5 Rh6 $132) 29. Rxc6 Rxb3 30. Rxc7+ Kg6 31. Kc2 $138 (31. Nd3
Bh3 32. f4 Ra3 $11) 31... Rb8 $1 {After this black's plan is clear,he wants to
attack to white's vulnerable pawn chain from behind.} (31... Be6 $6 32. f4 $1
exf4 33. gxf4 Bg8 34. Nd3 (34. Ra7) 34... Ra3 35. Nc5 $16) 32. Ra7 Bh3 33. Nd3
Bf1 $8 {Only this.} 34. Nc5 (34. Ne1 Rc8+ 35. Kd2 Rd8+ (35... Rc5 $5) 36. Ke3
Rd1 37. Kf2 Bc4 38. Rxa5 Rd2+ 39. Kg1 Rd1 $11) 34... Bg2 35. Rxa5 Bxf3 36. Rb5
Rd8 $5 {Tricky!} (36... Ra8 37. Kd3) 37. a5 (37. Kc3 Be2 $1 $11 (37... Rd4 38.
Rb4 Rxb4 $2 39. Kxb4 f5 40. Kc3 fxe4 41. Kd2 e3+ 42. Kxe3 Bc6 43. a5 Kf5 44. h3
h5 45. a6 g5 46. a7 h4 47. g4+ Kf6 48. Nd7+)) 37... Be2 (37... Bd1+ 38. Kc3 Be2
39. Rb7) 38. Ne6 Bxb5 (38... Re8 $2 {After this the a pawn could become
dangerous.} 39. Rb6 Rc8+ 40. Kd2 Bc4 41. a6 Kf7 42. Nc7 $3 (42. a7 Ra8 43. Nd8+
$3 Rxd8+ 44. Kc3)) 39. Nxd8 Kg5 $2 {Here around I was thinking that I should
have been better but...} (39... f5 40. Kd2 Kf6 41. exf5 Kxf5 42. Nb7 Kg4 43.
Ke3 Kh3 44. Nd6 Bc6 45. Nf7 Kxh2 46. Nxe5 Bb7 47. Kf2 h5 48. Nf7 Kh3 $11) (
39... Kh5 40. h3 g6 41. Nb7 f5 42. exf5 (42. Nd6 Bf1 43. exf5 gxf5 44. Nxf5
Bxh3 45. Ne3 Bc8 46. Kd3 Kg5 $11) 42... gxf5 43. Nd6 Bf1 44. Nxf5 Bxh3 45. Ne3
Bc8 46. Kd3 Bb7 47. Kc4 Kg5 48. Kc5 h5 49. Kb6 Bc8 $11) 40. h3 $1 {I have
simply omitted that one.} (40. Ne6+ Kg4 41. Nxg7 Bc6) 40... g6 (40... f5 41.
Nf7+ Kf6 42. Nd6 Ba4+ 43. Kd3) 41. Ne6+ $2 {Paying back the compliment!} (41.
Nf7+ Kh5 42. Kc3 Ba6 43. Kb4 Bf1 44. Kc5 Bxh3 45. Nd6 Bf1 46. Nc4 Bg2 47. a6
Bxe4 48. Nb6 $18) 41... Kh5 42. Nc7 (42. Kd2 f5 43. Ke3 Bc6 44. exf5 gxf5 45.
a6 h6 46. a7 Bh1 47. Nc7 Kg5 48. Kf2 f4 49. a8=Q Bxa8 50. Nxa8 e4 51. Nc7 e3+
52. Kf3 fxg3 53. Ne6+ Kh4 54. Nf4 e2 55. Kxe2 g2 56. Kf2 g1=Q+ 57. Kxg1 Kg3 $11
) 42... Bc6 43. Kd3 f5 44. exf5 {After this nothing is left!} (44. exf5 gxf5
45. Ke3 Kg5 46. Ne6+ (46. a6 h5) 46... Kf6 47. Nc5 Kg5 $11) (44. a6 Bxe4+ 45.
Ke3 Bc6 46. a7 g5 47. a8=Q f4+ 48. Kf2 Bxa8 49. Nxa8 e4 50. gxf4 gxf4 51. Nc7
Kh4 52. Ne6 f3 53. Nc5 $11) 1/2-1/2

[Event "Kavala op 20th"]
[Site "Kavala"]
[Date "2011.08.04"]
[Round "7"]
[White "Atalik, Suat"]
[Black "Galopoulos, Nikolaos"]
[Result "1-0"]
[WhiteElo "2619"]
[BlackElo "2327"]
[Annotator "Atalik,S"]
[PlyCount "63"]
[EventDate "2011.07.30"]
[EventType "swiss"]
[EventRounds "9"]
[EventCountry "GRE"]
[SourceTitle "CBM 143 Extra"]
[Source "ChessBase"]
[SourceDate "2011.08.29"]
[SourceVersion "1"]
[SourceVersionDate "2011.08.29"]
[SourceQuality "1"]

1. d4 Nf6 2. c4 e6 3. g3 d5 4. Bg2 dxc4 5. Nf3 {Another Catalan, the second
one in two consecutive rounds.} c6 6. Bg5 $5 {I wanted to take my rapidly
improving teammate out of his book.} ({A safer option was} 6. a4 $5 c5 $5 7.
O-O Nc6 8. dxc5 Qxd1 9. Rxd1 Bxc5 10. Nbd2 c3 11. bxc3 O-O 12. Nb3 $36) (6. Ne5
Bb4+ 7. Bd2 (7. Nc3 Nd5 8. O-O Nxc3 (8... Bxc3 $2 9. bxc3 Nxc3 10. Qc2 $16) 9.
bxc3 Bxc3 10. Ba3 $44) 7... Qxd4 8. Bxb4 Qxe5 9. Na3 b5 10. Bd6 Qxb2 11. O-O
Nd5 12. e4 Nc3 13. Qg4 (13. Qh5 h6 14. Rfe1 Nd7 15. e5 Bb7 $13 {is very messy.}
) 13... h5 14. Qg5 Ne2+ 15. Kh1 Qf6 16. Qd2 e5 17. Bxb8 Nd4 18. Bxe5 Qxe5 19.
f4 Qc5 20. Rad1 $44) (6. O-O b5 7. a4 Bb7 8. Ne5 Nd5 9. b3 $44 {is my recent
game against IM Daniel Rensch.}) 6... b5 7. Bxf6 Qxf6 $5 {This looked like
being very risky but his further play justified it.} (7... gxf6 8. O-O $44 {
looked like some certain Capablanca-Nimzowitsch game.}) 8. Ne5 Bb7 9. O-O (9.
Nc3 Bb4) 9... Bd6 10. Nc3 Qe7 11. Ne4 f6 $1 (11... O-O 12. Nxd6 Qxd6 13. a4 $44
{I had something similar with GM Lastin back in time.}) 12. Nxd6+ Qxd6 13. Ng4
Nd7 14. e4 O-O-O $1 {Very good play by Nikos.} (14... O-O 15. e5 $44) 15. a4 a6
16. Ne3 (16. b3 c3 17. Ne3 $44 {was also in contention.}) 16... Nb6 17. axb5
axb5 (17... cxb5 18. Nc2 $5) 18. Qg4 Qxd4 19. Qxg7 Qxb2 20. Ra7 {A very
difficult position aroused over the board.} (20. Bh3 $142 $5) (20. e5 Qxe5 (
20... fxe5 21. Rab1 Qd4 22. Rxb5) 21. Ra7 Qb8 (21... Nd7 22. Nxc4 Qb8 23. Rxb7)
22. Rfa1 $44) 20... Nd7 21. Bh3 (21. Rxb7 $2 Kxb7 22. Rd1 Kc7 23. Rxd7+ Rxd7
24. Qxh8 c3 25. Qxf6 Qb1+ 26. Bf1 c2 27. Nxc2 Qxc2 28. Qxe6 Qc5 $17) (21. Rd1
Nc5 22. Rda1 Nd7 $11) 21... Qe5 (21... Qd4 22. Rxb7 Kxb7 23. Rd1 Qe5 24. Rxd7+
Rxd7 25. Qxd7+ Kb6 26. Bxe6 $40) 22. Nxc4 $2 {Bluff! I had to try to equalize.}
(22. Rd1 Rhg8 23. Qf7 Rgf8 24. Qg7 $11) 22... Qd4 $1 (22... bxc4 $6 23. Rb1 f5
24. Qe7 Qc5 25. Rbxb7 $11) 23. Bxe6 Qxa7 $2 {Something happened to him from
this move on.} (23... bxc4 $1 24. Raa1 (24. Ra4 Rhe8 25. Rxc4 Qd6 26. Bg4 Re7
27. Qh6 Ba6 $19) 24... Qd6 25. Bf5 Qf8 26. Qg4 Kc7 27. Bxd7 Rxd7 28. Rfb1 Qd6
$19) 24. Bxd7+ Kb8 $2 {He could still have an more or less equal game} ({with} 
24... Rxd7 $142 25. Qxh8+ Kc7 (25... Rd8 $2 26. Nd6+) 26. e5 bxc4 27. e6 Re7
28. Qf8 (28. Qxf6 Qc5) 28... Qa3 29. Rd1 Kb6 30. Qd8+ Ka7 31. Qd4+ c5 32. Qd6
Re8 33. Rb1 Qa6 34. Qxc5+ Kb8 35. e7 $44) 25. Qxf6 $3 {Now all of a sudden
Black was lost!} Ba8 (25... Rxd7 26. Qe5+ Rc7 27. Qxh8+ Bc8 28. Nd6 $18) (25...
bxc4 26. Qe5+ Ka8 27. Ra1 $18) 26. Bxc6 Bxc6 (26... bxc4 27. Rb1+ Kc8 28. Qe6+
Rd7 29. Bxd7+ Qxd7 30. Qe5 $18 ({or} 30. Rb8+ $18 {finishes him off.})) 27.
Qxc6 Qb7 (27... Qd7 28. Qc5) 28. Na5 $18 Qxc6 29. Nxc6+ Kc7 30. Nxd8 Rxd8 31.
e5 Kc6 $2 {This one was aggravating after all!} (31... b4 32. Rb1 (32. e6 Kd6
33. Rd1+ Ke7) 32... Rb8 33. f4 (33. Rb3 Kc6 34. f4 Kd5 35. Kf2 Kc4 36. Rb1 Kc3
37. Ke3 Kc2 38. Rf1 b3 39. f5 $18 {was similar.}) 33... Kd7 (33... b3 34. Kf2)
34. Rb3 Ke6 35. Kf2 Kd5 36. Ke3 Kc4 37. Rb1 b3 38. Ke4 b2 39. f5 $18 {and
White should win but at least I was supposed to show some technical skills to
reach this position.}) 32. Rc1+ $1 1-0

[Event "Belgrade Trophy 27th"]
[Site "Obrenovac"]
[Date "2013.11.30"]
[Round "7"]
[White "Lekic, Dusan"]
[Black "Atalik, Suat"]
[Result "1-0"]
[WhiteElo "2417"]
[BlackElo "2572"]
[Annotator "Atalik,S"]
[PlyCount "79"]
[EventDate "2013.11.24"]
[EventType "swiss"]
[EventRounds "9"]
[EventCountry "SRB"]
[SourceTitle "CBM 158"]
[Source "ChessBase"]
[SourceDate "2014.01.16"]
[SourceVersion "1"]
[SourceVersionDate "2014.01.16"]
[SourceQuality "1"]

1. d4 Nf6 2. c4 e6 3. Nf3 d5 4. g3 {I have started to build up quite a bad
score in Catalan Opening with both colours.} dxc4 5. Bg2 Nc6 (5... a6 6. O-O
Nc6 7. e3 Bd7 8. Qe2 Bd6 9. Qxc4 O-O 10. Rd1 Rb8 11. Nc3 e5 {is a popular way
to handle this opening.}) 6. Qa4 {The most principled answer.} (6. O-O Rb8)
6... Bb4+ ({The following is an underestimated line.} 6... Nd7 7. Qxc4 Nb6 8.
Qd3 (8. Qb5 a6 9. Qd3 e5 10. Be3 (10. Nxe5 Nb4 11. Qc3 (11. Qd1 Qxd4 12. Qxd4
Nc2+ 13. Kd1 Nxd4 14. Be3 Nf5 15. Bxb6 cxb6 16. Nd2 Bd6 $132) 11... Qxd4 12.
O-O Qxc3 13. Nxc3 Bd6 14. Nf3 c6 (14... O-O 15. Rd1 Re8 $14) 15. Be3 N4d5 16.
Ne4 Be7 17. Bc5 Bxc5 18. Nxc5 Nd7 19. Ne4 N7f6 $132) 10... Nb4 11. Qe4 Qd5 $132
) 8... e5 9. Be3 (9. Nxe5 Nb4 10. Qc3 Qxd4 11. O-O Qxc3 12. Nxc3 Bd6 13. Nf3 c6
$11) 9... Bb4+ 10. Nc3 exd4 11. Nxd4 Nxd4 12. Bxd4 O-O 13. O-O Re8 $14) 7. Bd2
Bd6 $5 8. Ne5 Bxe5 9. Bxc6+ bxc6 10. dxe5 Qd5 11. f3 (11. O-O Nd7 12. Bc3 Bb7
13. Rd1 Qe4 $132) 11... Nd7 12. Nc3 Qc5 13. Ne4 $5 {I have always thought that
this move is a slight inaccuracy.} (13. f4 Nb6 14. Qc2 Bb7 15. O-O-O O-O-O 16.
Ne4 Qb5 17. Ng5 Rd7) 13... Qb5 14. Qa3 c5 ({I was also considering} 14... a5 $5
) (14... Nxe5 $6 15. Ba5 $1 $16 (15. Bg5 f6 16. Nxf6+ gxf6 17. Bxf6 Ng6 18.
Bxh8 Nxh8 19. O-O Nf7 $13)) 15. O-O $5 $146 (15. Ba5 $5 Qc6 (15... Bb7 $6 16.
Bxc7 Bxe4 17. fxe4 Qb4+ 18. Qxb4 cxb4 19. Bd6 a5 20. a3 b3 21. Rc1 Rc8 22. O-O
Nb6 23. Rf3 g6 24. Kf2 $44) 16. Rc1 O-O 17. Rxc4 Ba6 18. Rc2 c4 $13) 15... Bb7
16. Qe3 Bxe4 $5 {It is logical to part with the bishop.} 17. Qxe4 O-O (17...
O-O-O 18. Bg5) 18. Bc3 Nb6 19. f4 $44 {I really did not understand how
deceptive the position was. After all Black should give the pawn back and
equalise.} Nd5 20. g4 Rad8 (20... Rab8 21. Rf3 Nxc3 22. bxc3 Qb7 23. Qxc4 Rfd8
24. Rd3 Qb2 25. Rad1 Rxd3 26. Qxd3 g6 $11) 21. Rf3 Rfe8 $2 {An empty move.} (
21... Nxc3 22. bxc3 Qb2 23. Raf1 Rd2 24. R1f2 Qc2 $11) 22. Raf1 Nxc3 23. bxc3
Re7 $2 {The final mistake.It was really the time to give the pawn back and
split the point.} (23... Qd7 $1 24. Qxc4 Qd5 25. Qxd5 Rxd5 26. Rb1 Rd2 27. Kf2
Rxa2 28. Rb5 c4 29. Rc5 Re7 30. Rxc4 h6 $11) 24. Rh3 $16 {After this White has
an insurmountable attack.} g6 $2 {The final mistake.} (24... h6 $5 25. g5 Kh8
$132) 25. Qe3 $6 {A strange move.} (25. f5 exf5 26. gxf5 f6 27. Qh4 g5 28. Qh6
fxe5 29. Rg3 $18) 25... Qb2 26. Qf2 Rd2 $2 {I was unable to take advantage of
the second chance thrown to me.} (26... g5 27. f5 (27. fxg5 $6 Qc2 28. Qxc5
Red7 29. Qxc4 Rd4 $1 $132) 27... Qd2 $132) (26... Qd2 27. Qh4 f6 28. exf6 Rf7
29. f5 g5 $132) 27. Qh4 Kf8 (27... f6 28. exf6 Rf7 29. f5 $18) 28. f5 $1 {
This is more simple and effective} ({than} 28. Qxh7 Ke8 29. Qh8+ Kd7 30. Qf8
Rxe2 31. Rh8 Rg2+ 32. Kh1 Rxg4 33. Qa8 $1) 28... exf5 (28... Ke8 29. f6 Red7
30. Qxh7 $18) 29. Qxh7 Ke8 30. gxf5 Rxe2 (30... Kd7 31. fxg6 fxg6 32. Qxg6 $18)
31. e6 $18 Rg2+ {After this the rook is left hanging,} ({but} 31... fxe6 32.
Qxg6+ Kd7 33. f6 $18 {loses as well on the spot.}) 32. Kh1 fxe6 33. Qg8+ Kd7
34. fxe6+ $1 $18 ({I was desperately hoping for something like} 34. f6 $4 Qe2
$19) 34... Rxe6 35. Rh7+ Kd6 36. Qf8+ Kc6 37. Qf3+ (37. Rxc7+ $5 Kxc7 38. Qxc5+
Rc6 39. Rf7+ $18 {and White checkmates.}) 37... Kb6 38. Qxg2 Re2 39. Qxg6+ Ka5
40. Rxc7 1-0

[Event "Golden Sands Europe op 1st"]
[Site "Golden Sands"]
[Date "2012.06.09"]
[Round "6"]
[White "Ashwin, Jayaram"]
[Black "Atalik, Suat"]
[Result "1/2-1/2"]
[WhiteElo "2472"]
[BlackElo "2608"]
[Annotator "Atalik,S"]
[PlyCount "63"]
[EventDate "2012.06.04"]
[EventType "swiss"]
[EventRounds "9"]
[EventCountry "BUL"]
[SourceTitle "CBM 149"]
[Source "ChessBase"]
[SourceDate "2012.07.17"]
[SourceVersion "1"]
[SourceVersionDate "2012.07.17"]
[SourceQuality "1"]

1. d4 d5 2. c4 c6 3. Nf3 Nf6 4. Nc3 e6 5. g3 $5 {This is something I like as
well.} dxc4 6. Bg2 b5 {I always think that this should be the real answer for
this risky line.} 7. Ne5 $5 (7. O-O Bb7 8. e4 Be7 $13 {is the way to continue.}
) 7... a6 8. O-O (8. Nxc6 Qb6 9. Ne5 Bb7 10. e4 Nc6 11. Be3 Rd8 12. Nxc6 Qxc6
13. a3 Bc5 $13) 8... Bb7 9. a4 Qc8 $1 {This is a better square than b6 if
needed.} (9... Qb6 10. e4 Bb4 11. Be3 $44) 10. Bg5 $5 {Ashwin impersonates me.
Last year I had combined this move with the kingside fianchetto in the Catalan.
} (10. e4 Nbd7) 10... Nbd7 11. Bxf6 $5 (11. Nxd7 Qxd7 (11... Nxd7 12. Qc2 $44 (
12. e4 $6 b4 13. Ne2 a5 $17)) 12. Bxf6 gxf6 13. axb5 (13. Ne4 O-O-O) (13. e3
O-O-O 14. Qh5 f5 $13) 13... cxb5 14. d5 O-O-O $13) 11... Nxf6 {All of a sudden
I changed my feelings about the text move.} (11... gxf6 $142 12. Nxd7 Qxd7 {
transposes to the note above.}) 12. e3 Bd6 13. b3 $1 (13. Qf3 O-O 14. Nxc6 b4
15. Ne2 Rb8 $17) 13... cxb3 14. Qxb3 O-O 15. Nd3 (15. Rfc1 c5) 15... Rb8 (15...
b4 16. Ne4 Nxe4 17. Bxe4 a5 18. Rac1 $44) 16. Ne4 $5 (16. Rac1 $6 Qd7 17. Rfd1
Qe7 18. Ne4 Nxe4 19. Bxe4 c5 20. Nxc5 Bxc5 21. Bxb7 Ba3 22. Ra1 Qxb7 23. Rxa3
b4 24. Raa1 Rfc8 25. Rdc1 a5 $17) 16... Nxe4 17. Bxe4 Qe8 $5 ({If I wanted I
could have drawn with} 17... c5 18. Bxb7 Rxb7 19. dxc5 Bxc5 $11) 18. Qb2 (18.
axb5 axb5) 18... bxa4 19. Qc2 $1 a3 20. Nc5 $11 {Despite the two pawns deficit
White has equalised due to Black's structural problems.} h6 (20... g6 21. Rxa3
e5 22. Rb1 Qe7 23. Rab3 Ba8 24. Rxb8 Rxb8 25. Rxb8+ Bxb8 26. Nxa6 Ba7 27. dxe5
Qxe5 28. Nb4 c5 $11) 21. Rxa3 Bc8 $5 (21... e5 22. Rb1 $11 {like in the other
line.}) 22. Nxa6 Rb6 (22... Bxa3 $2 {does not equalise.} 23. Nxb8 c5 24. Qb3
Bb4 25. Nc6 Bb7 26. dxc5 Bxc6 27. Qxb4 $16) 23. Nc5 e5 24. Ra8 $5 {His play
after this point seemed risky but in fact he might have found the best way to
equalise.} Qe7 25. Rfa1 exd4 26. exd4 Rb4 27. R1a7 (27. R8a4 Bxc5 28. dxc5 Rxa4
29. Qxa4 $1 $11) 27... Qf6 {I had to avoid tricks on the other squares.} (27...
Qe8 $2 28. Nd7 $1) (27... Qg5 $2 28. Bh7+ Kh8 29. Rxf7 $18) (27... Qd8 $2 28.
Nd7 $1) 28. Nd7 $1 $11 (28. Bh7+ Kh8 29. Ne4 Qxd4 30. Nxd6 (30. Rxf7 $6 Rxf7
31. Nxd6 Qxd6 32. Rxc8+ Rf8 33. Rxc6 $15) 30... Qxd6 31. Bf5 Rd4 32. Rxc8 Rxc8
33. Bxc8 Rd1+ 34. Kg2 Qd5+ 35. Kh3 Qh5+ $11) 28... Bxd7 29. Rxf8+ Bxf8 30. Rxd7
Rxd4 (30... c5 $6 {was unnecessary} 31. Bd5 ({Even this is equal.} 31. dxc5 Rb2
32. Bh7+ Kh8 33. Qf5 $11) 31... Be7 $5 32. Qe4 Rxd4 33. Rd8+ Bxd8 34. Qe8+ Kh7
35. Bxf7 Qxf7 36. Qxf7 Bf6 $11) 31. Rxd4 Qxd4 32. Qxc6 1/2-1/2

[Event "Moscow Aeroflot op-A"]
[Site "Moscow"]
[Date "2005.02.16"]
[Round "2"]
[White "Tkachiev, Vladislav"]
[Black "Atalik, Suat"]
[Result "1/2-1/2"]
[WhiteElo "2609"]
[BlackElo "2560"]
[Annotator "Atalik,S"]
[PlyCount "63"]
[EventDate "2005.02.15"]
[EventType "swiss"]
[EventRounds "9"]
[EventCountry "RUS"]
[SourceTitle "CBM 106"]
[Source "ChessBase"]
[SourceDate "2005.06.06"]
[SourceVersion "1"]
[SourceVersionDate "2005.06.06"]
[SourceQuality "1"]

1. d4 Nf6 2. c4 e6 3. Nf3 d5 4. g3 {GM Tkachiev likes Catalan with white which
suits his sharp style in general.} dxc4 5. Bg2 a6 6. Ne5 $5 {This move which
was championed by GM Naum Rashkovsky is very solid.} c5 7. Na3 cxd4 8. Naxc4
Ra7 $1 {Black should be ready to meet the pressure on the diagonal by
fianchetto.} 9. Bd2 b6 10. O-O $1 Bb7 11. Bxb7 Rxb7 12. Rc1 Ne4 $5 $146 (12...
Bc5 13. b4 Be7 14. Be3 $1 O-O 15. Bxd4 $16) 13. Qc2 $6 {After this white parts
with most of his first move advantage.} (13. Nxb6 $6 Qxb6 14. Rc8+ Ke7 15. Ba5
Qxa5 16. Rxb8 Qxe5 17. Rxb7+ Kf6 18. e3 Nd6 $17 {looks ok for black.}) 13...
Nxd2 14. Nxd2 Bc5 15. b4 Bd6 16. Qe4 (16. Qc8 $6 Ra7 $1 {and white lacks a
good follow up.}) 16... Rc7 17. Ndf3 O-O {Black lags in development so he can
not effort losing more time.} (17... Bxb4 $6 18. Rxc7 Qxc7 19. Ng5 f5 20. Qxd4
Bc3 21. Rc1 Bxd4 22. Rxc7 O-O 23. Nef3 Bf6 24. Nxe6 Re8 25. Ned4 g6 26. e3 $16)
18. Nxd4 {Another solid choice.} (18. Rxc7 Qxc7 (18... Bxc7 19. Rd1 Bxe5 20.
Nxe5 Qc7 21. Rxd4 b5 $14) 19. Ng5 g6 20. Ng4 Qc4 $1 $132 {is a mess.}) 18...
Bxe5 (18... Rxc1 $6 19. Rxc1 Bxb4 20. Nxe6 Qd2 21. Nd3 $1 fxe6 22. Qxb4 (22.
Qxe6+ Kh8 23. Rc8 h6 24. Qf5 $11) 22... Qxe2 23. Qb3 $44 {I found the position
unpleasant for black.} (23. Nf4 $6 Qxa2 $17 {is too much.})) 19. Qxe5 Rd7 20.
e3 Rd5 $1 {It is very important that black has this move.} (20... Qe7 $6 21.
Rc4 $16) 21. Qc7 (21. Qe4 Qd6 22. a3 (22. Qb1 Rd8) 22... a5 23. Qb1 axb4 24.
Qxb4 Qxb4 25. axb4 Na6 26. Nc6 Rd2 27. Rfd1 Rb2 28. Rb1 Rxb1 29. Rxb1 Ra8 30.
Ra1 Nc7 $11) 21... a5 {This is the move I was trying to get in after this
black is safe.} 22. bxa5 (22. b5 $2 e5 23. Qxd8 Rfxd8 24. Nc6 Nxc6 25. bxc6 Rc8
26. c7 Kf8 $17) 22... Rxa5 $11 23. Qxd8 (23. Rfd1 Qxc7 24. Rxc7 Rxa2 $11) 23...
Rxd8 24. Rb1 (24. Rfd1 Rxa2 25. Nxe6 Rxd1+ 26. Rxd1 fxe6 27. Rd8+ Kf7 28. Rxb8
Rb2 $11) 24... e5 $1 {This is even better} ({than} 24... Rxa2 25. Rxb6 Ra6 26.
Rfb1 (26. Rb7 Nc6 27. Nf3 $14) 26... Rxb6 27. Rxb6 Kf8 $14 {which should also
end up as a draw with some care from black's part.}) 25. Nf3 f6 26. Rxb6 $138 (
26. Rb2 Rd6 ({Even} 26... Nd7 27. Rd1 Kf7 28. Rbd2 Ke7 29. Nh4 g6 30. f4 Raa8 {
is possible.}) 27. Nd2 Rc6 $11) 26... Rxa2 27. Rb7 (27. Rfb1 Na6) 27... Rc2 28.
Rfb1 Nc6 {I wanted to keep the game as safe as possible.} (28... Na6 $5 29. Nh4
Nc5 30. Rc7 (30. Re7 Kf8) 30... Rd7 31. Rb8+ Kf7 32. Rbc8 Rxc7 33. Rxc7+ Ke6
34. Rxg7 Nd3 35. f3 Rc1+ $11) 29. Nh4 g6 30. Nf3 Rf8 (30... e4 31. Nd4 Nxd4 32.
exd4 Rxd4 33. Ra7 Rcd2 34. Rb8+ Rd8 35. Rbb7 e3 36. Rg7+ Kf8 37. Rxh7 exf2+ 38.
Kf1 Kg8 39. Rag7+ Kf8 40. Rxg6 R8d6 $11 {should also end up as a draw.}) 31.
Rd1 Rf7 32. Rxf7 {After this Vlad offer me a draw with 1,5 minute on his clock.
Since the position is very simple for him to perform these 8 moves left I did
not want to even try it.} (32. Rxf7 Kxf7 33. Rd7+ Ne7 34. Rd2 Rc1+ 35. Kg2 h5
36. h3 $11) (32. Rdd7 $6 Rxd7 33. Rxd7 e4 $15) 1/2-1/2